000 00669nam a2200229 a 4500
999 _c2769
_d2769
001 2769
003 BD-JhCC
005 20171123094025.0
008 171106s1983 bg |||| |||| 000 0cbg d
035 _a(BD-JhCC)2769
040 _aBD-JhCC
_dBD-JhCC
041 _aben
082 _a920.02
_bFER 1983
100 _aফেরদৌস, শাহানা
245 _aমনীষীদের ছেলেবেলা ১ /
_cশাহানা ফেরদৌস
260 _aঢাকা :
_bতানজিলা প্রকাশনী,
_c1983.
300 _a92 p. :
_c21 cm.
650 _aBiography
650 _aYouth
942 _2ddc
_cBK